Géographie par lettre - C - Statistiques

Statistiques générales
  • Ce quiz a été pris 234 fois
  • Le résultat moyen est 13 sur 20
Statistiques - réponses
Questions Réponses % Correct
Quel pays d'Europe balkanique a pour capitale Zagreb ? Croatie
99%
Quel pays d'Amérique du Sud tient son nom du premier homme à avoir découvert l'Amérique? Colombie
93%
Quelle ville française est la plus proche de l'Angleterre ? Calais
89%
Quel pays Sud-Américain est le plus longiligne du monde ? Chili
86%
Dans quelle ville américaine a été construit le premier gratte-ciel, en 1884 ? Chicago
85%
Quel archipel africain, au large du Sénégal a pour langue officielle le portugais ? Cap-Vert
84%
Quel pays africain se situe au large du Mozambique ? Comores
81%
Quel pays africain a pour plus grande ville Douala ? Cameroun
78%
Quelle péninsule russe était ukrainienne avant 2014 ? Crimée
75%
Quel pays s'associe avec Taïwan, Singapour, Hong Kong pour former les Tigres Asiatiques ? Corée du Sud
73%
Quel pays africain est le premier producteur mondial de fèves de cacao ? Côte d'Ivoire
63%
Quelle agglomération chinoise est la plus peuplée du monde ? Canton
62%
Quelle chaîne de montagnes marque la séparation au Sud entre l'Europe et l'Asie ? Caucase
55%
Quelle ville canadienne a accueilli les J.O d'hiver en 1988 ? Calgary
54%
Quel pays est l'ancien nom du Sri Lanka ? Ceylan
52%
Quelle enclave espagnole se situe sur le continent africain ? Ceuta
46%
Quelle ville américaine est l'homographe d'un prénom féminin ? Charlotte
44%
Quelle région historique a pour capitale Quimper ? Cornouailles
28%
Quel détroit sépare l'île du Nord de l'île du Sud, en Nouvelle-Zélande ? Cook
20%
Quelle ville est la seconde du Bangladesh par la population ? Chittagong
13%
Aucun quiz correspondant
Distribution des résultats
% des personnes avec chaque résultat
Percentile par nombre de réponses
Votre historique - résultats
Vous n’avez pas pris ce quiz